| 000 | 02434cam a22005534i 4500 | ||
|---|---|---|---|
| 003 | PE-LiUPU | ||
| 005 | 20250731180140.0 | ||
| 008 | 150706s r 000 0 d | ||
| 020 | _a9788429144116 | ||
| 035 | _a(Sirsi) i9788429144116 | ||
| 040 |
_aPE-LiUPU _bspa _cPE-LiUPU _erda |
||
| 049 | _aPRUA | ||
| 082 | 0 | 4 |
_a530 _bT58 _221 |
| 100 | 1 |
_aTipler, Paul Allen, _d1933- , _eautor. |
|
| 245 | 1 | 0 |
_aFísica : _bpara la ciencia y la tecnología / _cPaul A. Tipler, Gene Mosca ; [versión española por Albert Bramón Planas . et al.]. |
| 250 | _a5a | ||
| 264 | 1 |
_aBarcelona : _bREVERTÉ, _c2005. |
|
| 300 |
_a604 páginas : _bilustraciones ; _c28 cm. |
||
| 336 |
_atext _2rdacontent |
||
| 337 |
_aunmediated _2rdamedia |
||
| 338 |
_avolume _2rdacarrier |
||
| 500 | _a"Mecánica. oscilaciones y ondas. termodinámica" -- en cubierta. | ||
| 505 | 0 | _aMecánica -- Sistema de medida -- El movimiento en una dimensión -- Leyes de Newton -- Aplicaciones de las leyes de Newton -- Trabajo y energía -- Conservación de la energía -- sistemas de partículas y conservación del momento lineal -- Rotación -- Conservación del omento angular -- Gravedad -- Equilibrio astático y elasticidad -- Fluidos -- Oscilaciones y ondas -- Oscilaciones -- Movimientos. Ondulatorio -- Superposición y ondas estacionarias -- Termodinámica -- Temperatura y teoría cinética de los gases -- Calor y primer principio de la termodinámica -- Segundo principio de la termodinámica -- Propiedades y procesos térmicos. | |
| 526 | _aSEG44 | ||
| 526 | _aSEG26 | ||
| 526 | _aP159 | ||
| 526 | _aP155 | ||
| 526 | _aP154 | ||
| 526 | _aP153 | ||
| 526 | _aP150 | ||
| 526 | _aP100 | ||
| 526 | _aP31 | ||
| 526 | _aP30 | ||
| 526 | _aP26 | ||
| 526 | _aP25 | ||
| 526 | _aP24 | ||
| 526 | _aP22 | ||
| 526 | _aP15 | ||
| 526 | _aP10 | ||
| 541 | _g0054-0000884; | ||
| 650 | 0 | 4 | _aFisica. |
| 700 | 1 |
_aMosca, Gene, _eautor. |
|
| 910 |
_agl _bjv _cng _d20091014 |
||
| 942 |
_2ddc _cBOOK |
||
| 949 |
_a530 T58 1 _wDEWEY _c1 _i60593 _lCCODEBUL1 _mBUL _p46.00 _r0 _sY _tBOOK _u2015-7-6 _xINGENIERIA _PP27 _o.STAFF. Colección General |
||
| 994 |
_aC0 _bPEPRU |
||
| 596 | _a1 | ||
| 999 |
_a530 T58 1 _wDEWEY _c50012 _i60593 _d50012 _e2018-10-14 _f2021-11-9 _g4 _lCCODEBUL1 _mBUL _n3 _p46.00 _q3 _r0 _sY _tBOOK _u2015-7-6 _xINGENIERIA _PP27 _0COMPRA _o.STAFF. Colección General |
||
| 980 |
_81 _gALBERTO SANCHEZ Responsable de Automatización |
||